Państwa, w których nazwie występuje "samo" "H" - Statystyki

Ogólne statystyki
  • Ten quiz został rozwiązany 209 razy
  • Średni wynik to 8 z 11
Statystyki odpowiedzi
Hint Odpowiedź % Poprawnych
Europa Holandia
93%
Ameryka Północna Honduras
89%
Ameryka Północna Haiti
86%
Europa Hiszpania
85%
Europa Bośnia i Hercegowina
67%
Afryka Ghana
63%
Azja Bhutan
61%
Ameryka Północna Bahamy
57%
Azja Bahrajn
57%
Australia i Oceania Wyspy Marshalla
50%
Afryka Lesotho
47%
Nie znaleziono quizów pasujących do podanych kryteriów
Rozkład punktacji
Procent ludzi z każdym wynikiem
Percentyl według liczby udzielonych odpowiedzi
Twoja historia wyników
Nie rozwiązałeś tego quizu